00000000nam 2200000zi 4500
0019.947381
003CaOODSP
00520250303103444
006m     o  d f      
007cr |n|||||||||
008250124s1954    oncad   ob   f000 0 eng d
040 |aCaOODSP|beng|erda|cCaOODSP
043 |an-cn-ab
0861 |aA52-282/1954E-PDF
0861 |zA51-37E-PDF
1001 |aPalmer, A. E., |eauthor.
24510|aExperimental Station, Lethbridge, Alberta : |bprogress report 1947-1952 / |cA. E. Palmer.
264 1|aOttawa, Canada : |bMinister of Agriculture, |c[1954]
300 |a1 online resource (51 pages) : |billustrations, charts
336 |atext|btxt|2rdacontent
337 |acomputer|bc|2rdamedia
338 |aonline resource|bcr|2rdacarrier
500 |aDigitized edition from print [provided by Agriculture and Agri-Food Canada].
504 |aIncludes bibliographical references (page 51).
61015|aCanada. |bExperimental Station (Lethbridge, Alta.)
61015|aCanada. |bStation expérimentale (Lethbridge, Alb.)
650 0|aAgricultural experiment stations|zAlberta|zLethbridge.
650 6|aStations agronomiques|zAlberta|zLethbridge.
7101 |aCanada. |bExperimental Station (Lethbridge, Alta.), |eissuing body.
7101 |aCanada. |bExperimental Farms Service, |eissuing body.
85640|qPDF|s10.40 MB|uhttps://publications.gc.ca/collections/collection_2024/aac-aafc/A51-37-1947-eng.pdf
986 |a10 M-18306-4-54